MDQL
is popping MORE tags! Check the
thread
!
Quizzes
Events
Quiz Creation
Community
Videos
Private Events
Remove Ads
Sign In
Join for FREE
Feedback
Dark Mode
Quiz Categories
Sports
Geography
Music
Movies
Television
Just For Fun
Miscellaneous
History
Literature
Language
Science
Gaming
Entertainment
Religion
Holiday
For Kids
Quiz Lab
Recent
Popular Today
Quiz Kudos Today
Editor Picks
Curator Picks
Quizzes by...
Day
Popularity
Type
Ratings
Length
Year
Community
Subscriptions
Recent Discussions
Orange Saloon
Badges
Playlists
Quests
Create
Leaderboards
Showdown
Live 5
Trivia Bingo
Activity
Puzzle Library
Sporcle Events
Private Events
Virtual Trivia
Globe League
Become a Host
Pub Owners
SporcleCon
Opinionation
Our Games
Videos
Blog
Mobile Apps
Partnerships
Remove Ads and Go Orange
Feedback
Geography
Country
Landmarks
City
State
Population
World
Capital
Continent
Flags
Europe
Africa
Asia
South America
North America
Oceania
Border
Canada
United Kingdom
Topography
United States
Geography
Country
Landmarks
City
State
Population
World
Capital
Continent
Flags
Europe
Africa
Asia
South America
North America
Oceania
Border
Canada
United Kingdom
Topography
United States
Random Quiz
Search Sporcle
×
Quiz Lab
Quiz Lab
Geography
International
Type in answers that appear in a list
Type in answers that appear in a list
Classic
Best Score? Go Orange.
Dallas/Fort Worth International Destinations Stats
Can you name the DFW Airport International Destinations?
By
Patency
8m
52 Questions
410 Plays
410 Plays
410 Plays
Comments
Comments
Give Quiz Kudos
Give Quiz Kudos
-
- Ratings
hide this ad
More Info
Random Order
Randomize order of answers
Randomize order of answers
Replay
Link that replays current quiz
Next Quiz
Link to next quiz in quiz playlist
You Got
0%
They Got
Avg Score
64%
Avg Friend Score
Upgrade to see
Score Distribution
Jump to the score distribution portion of the page
Score
0/52
Timer
08:00
0
Plays Today
Country
Airport
% Correct
Mexico
Benito Juárez International Airport (Mexico City)
97.3%
Canada
Toronto Pearson International Airport
95.9%
Australia
Sydney (Kingsford Smith) Airport
93.7%
Canada
Vancouver International Airport
93.4%
United Kingdom
London Heathrow Airport
92.4%
Mexico
Cancún International Airport
91.7%
South Korea
Incheon International Airport (Seoul)
91.5%
Netherlands
Amsterdam Airport Schiphol
90.5%
France
Paris Charles de Gaulle Airport
90.2%
United Arab Emirates
Dubai International Airport
90%
Germany
Frankfurt am Main Airport
89.8%
Japan
Narita International Airport (Tokyo)
89.8%
Canada
Montréal–Pierre Elliott Trudeau International Airport
88.8%
Brazil
São Paulo–Guarulhos International Airport
88.5%
Spain
Madrid–Barajas Airport
88.5%
Peru
Jorge Chávez International Airport (Lima)
87.8%
Guatemala
La Aurora International Airport (Guatemala City)
87.3%
Canada
Calgary International Airport
86.8%
Colombia
El Dorado International Airport (Bogotá)
86.1%
Panama
Tocumen International Airport (Panama City)
85.9%
Chile
Comodoro Arturo Merino Benítez International Airport (Santiago)
85.6%
Brazil
Galeão–Antonio Carlos Jobim International Airport (Rio de Janeiro)
84.4%
Argentina
Ministro Pistarini International Airport (Buenos Aires)
84.1%
Costa Rica
Juan Santamaría International Airport (San José)
82.4%
El Salvador
El Salvador International Airport
82%
Venezuela
Simón Bolívar International Airport (Caracas)
81.5%
Country
Airport
% Correct
Bahamas
Lynden Pindling International Airport (Nassau)
81%
Australia
Brisbane Airport
73.2%
Mexico
General Mariano Escobedo International Airport (Monterrey)
70.5%
Mexico
Miguel Hidalgo y Costilla International Airport (Guadalajara)
68.3%
Belize
Philip S. W. Goldson International Airport (Belize City)
67.6%
Jamaica
Sangster International Airport (Montego Bay)
66.6%
Dominican Republic
Punta Cana International Airport
58.5%
Mexico
Licenciado Gustavo Díaz Ordaz International Airport (Puerto Vallarta)
54.4%
Cayman Islands (UK)
Owen Roberts International Airport (Grand Cayman)
54.1%
Mexico
Cozumel International Airport
52.2%
Costa Rica
Daniel Oduber Quirós International Airport (Liberia)
41.7%
Mexico
General Rafael Buelna International Airport (Mazatlan)
34.1%
Mexico
Del Bajío International Airport (Leon)
33.7%
Mexico
General Roberto Fierro Villalobos International Airport (Chihuahua)
30.7%
Mexico
General Heriberto Jara International Airport (Veracruz)
27.8%
Mexico
Ixtapa-Zihuatanejo International Airport
26.8%
Mexico
Hermanos Serdán International Airport (Puebla)
26.3%
Mexico
Lic. Jesús Terán Peredo International Airport (Aguascalientes)
22.7%
Mexico
General Ignacio Pesqueira García International Airport (Hermosillo)
21.2%
Mexico
Ponciano Arriaga International Airport (San Luis Potosi)
18.8%
Mexico
Licenciado Adolfo López Mateos International Airport (Toluca)
17.3%
Mexico
Francisco Sarabia International Airport (Torreón)
16.8%
Mexico
Los Cabos International Airport (San Jose del Cabo)
16.6%
Mexico
General Francisco J. Mujica International Airport (Morelia)
16.6%
Mexico
Querétaro International Airport
13.9%
Mexico
General Leobardo C. Ruiz International Airport (Zacatecas)
13.7%
Quiz Playlist
Details
Report
Send in Message
Add To Playlist
More Info:
All routes (current and planned) included up through 2013.
Classic:
Type in answers that appear in a list
Random Order:
Randomize order of answers
Quiz Source
Last Updated: Feb 16, 2017
Quiz Scoreboard
CHALLENGE
Sign Up to Join the Scoreboard
Show All
Scores
Hide
Comments
May contain spoilers
Recently Published
5x2 Blitz: Bands
by SL_Kpop136
Music
30s
Colored Red Africa Blitz
by spor1
Geography
30s
Find the 'City' Movie
by crazypaving
Movies
60s
More to Explore
Quiz From the Vault
Featured Blog Post
14 Easter Pick-up Lines to Find Eggs With
hide this ad
You Might Also Like...
Tags
airport
dallas
Dallas-Fort Worth
destination
DFW
International
International Airport
route
Today's Top Quizzes in Geography
Browse Geography
hide this ad
Today's Top Quizzes in International
Browse International
Top Contributed Quizzes in Geography
1
Countries of the World - No Outlines Minefield
2
Colored Red Europe Blitz I
3
Colored Red Africa Blitz II
4
Colored Red Europe Blitz II
5
Colored Red Europe Blitz III
6
Colored Red Africa Blitz III
7
Colored Red States Blitz I
8
Colored Red States Blitz II
9
Colored Red States Blitz III
10
Blind Secret Country CLXXXIX
Explore More
Trending Topics
Marvel
Disney
NBA
Harry Potter
Crossword
Kpop
Anime
The Office
Country
Soccer
Pokémon
NFL
Puzzle
WWE
Song
hide this ad
More By:
Patency
Quiz
Plays
Rating
Category
Featured
Created
The Indonesia Quiz
45,076
4.72
Geography
May 19, 2010
Country Quiz: Somalia
1,114
4.43
Geography
May 20, 2010
Republican States
1,102
3.57
Geography
Apr 28, 2010
Hubs of Largest Airlines
824
2.75
Geography
Jan 17, 2014
NBA 'D' players 2014 (Slideshow)
491
5.00
Sports
Jan 13, 2014
Go to Creator's Profile
Score Distribution
Quiz Creator Spotlight
Patency
Follow
Send a Message
Quizzes Created
-
Created Quiz Play Count
-
More By This Creator
Popular Quizzes Today
1
Find the 'City' Movie
2
Colored Red Africa Blitz
3
Find the US States - No Outlines Minefield
4
5x2 Blitz: Bands
5
The Countries of the World
6
Find the US States
7
US States
8
9x9 Crossword: Cartoon Network
More Geography Quizzes
Click the 5-Letter Country Flags
Curator's Pick
Trending Quizzes
Colored Red Europe Blitz I
Colored Red Africa Blitz II
Colored Red Europe Blitz II
Colored Red Africa Blitz III
Colored Red Europe Blitz III
Recently Updated
Famous TV Couples
Peacemaker
Champions League XIs: Real Madrid
pecheneg
Largest US Cities 1790-2010
pecheneg
Rides in Walt Disney World
pecheneg
Most Oscar Losses (Acting)
pecheneg
Beyoncé Albums
pecheneg
Leaping Animals
pecheneg
Reality TV Shows (A-Z)
bhenderson79
Rickey Henderson's Hall of Fame Teammates
pecheneg
Champions League XIs: Arsenal
pecheneg
Trending Topics
Marvel
NBA
Disney
Kpop
Anime
Crossword
Harry Potter
NFL
Pokémon
The Office
Country
Song
Soccer
WWE
Puzzle
Your Account Isn't Verified!
In order to create a playlist on Sporcle, you need to verify the email address you used during registration. Go to your
Sporcle Settings
to finish the process.
Report this User
Report this user for behavior that violates our
Community Guidelines
.
Details:
Send Report
Go to the Sporcle.com Mobile Site →
Comments